[Event "Mumbai Wealth U13 op 5th"]
[Site "Mumbai"]
[Date "2020.01.07"]
[Round "9"]
[White "Saukhya, Savant"]
[Black "Dattani, Vraj Vishal"]
[Result "0-1"]
[WhiteElo "1166"]
[BlackElo "1026"]
[PlyCount "65"]
[EventDate "2019.12.30"]
[EventType "swiss"]
[EventRounds "9"]
[EventCountry "IND"]
[SourceTitle "CBM 194 Extra"]
[Source "ChessBase"]
[SourceDate "2020.03.31"]
[SourceVersion "1"]
[SourceVersionDate "2020.03.31"]
[SourceQuality "1"]

1. e4 e6 2. d4 d5 3. exd5 exd5 4. Bd3 Bd6 5. Nf3 Bg4 6. Be3 Nf6 7. Nbd2 Nbd7 8. c3 0-0 9. Qc2 c5 10. 0-0 Re8 11. Rfe1 c4 12. Be2 Qc7 13. h3 Bh5 14. Rac1 b5 15. Qd1 a5 16. Rf1 b4 17. cxb4 axb4 18. Ra1 Ra7 19. Nh4 Bxe2 20. Qxe2 Rea8 21. Nf5 Rxa2 22. Rxa2 Rxa2 23. f4 Rxb2 24. Qf3 Nf8 25. Qg3 Ng6 26. Nh4 Ne4 27. Nxe4 dxe4 28. Nf5 c3 29. h4 h5 30. Qg5 b3 31. Qxh5 Bxf4 32. Bxf4 Nxf4 33. Ne7+ 0-1

[Event "Mumbai Wealth U13 op 5th"]
[Site "Mumbai"]
[Date "2020.01.05"]
[Round "7"]
[White "Arjun, Nair"]
[Black "Dattani, Vraj Vishal"]
[Result "1-0"]
[WhiteElo "1237"]
[BlackElo "1026"]
[PlyCount "66"]
[EventDate "2019.12.30"]
[EventType "swiss"]
[EventRounds "9"]
[EventCountry "IND"]
[SourceTitle "CBM 194 Extra"]
[Source "ChessBase"]
[SourceDate "2020.03.31"]
[SourceVersion "1"]
[SourceVersionDate "2020.03.31"]
[SourceQuality "1"]

1. e4 e6 2. d4 d5 3. exd5 exd5 4. Bd3 Bd6 5. Nf3 Bg4 6. Be3 Nf6 7. 0-0 0-0 8. Nbd2 Re8 9. c3 Nbd7 10. Qc2 c5 11. Bg5 Qb6 12. b3 Rac8 13. Bf5 cxd4 14. Bxf6 Rxc3 15. Bxh7+ Kh8 16. Bxd4 Rxc2 17. Bxb6 Kxh7 18. Be3 b6 19. Nd4 Rcc8 20. Rac1 Nc5 21. Ra1 Nd7 22. Rac1 Nc5 23. h3 Be6 24. N2f3 f5 25. Ng5+ Kg6 26. Ngxe6 Kf6 27. Nxc5 Bxc5 28. Nc2 Bxe3 29. Nxe3 d4 30. Nd5+ Ke5 31. Nb4 Rxc1 32. Rxc1 Rd8 33. Nc6+ Ke6 1-0